/ 3



History of India (Record no. 39122)

MARC details
000 -LEADER
fixed length control field 00254nam a22001097a 4500
008 - FIXED-LENGTH DATA ELEMENTS--GENERAL INFORMATION
fixed length control field 230710b |||||||| |||| 00| 0 eng d
100 ## - MAIN ENTRY--PERSONAL NAME
Personal name Thapar, Romila
245 ## - TITLE STATEMENT
Title History of India
260 ## - PUBLICATION, DISTRIBUTION, ETC.
Name of publisher Penguin Books
Year of publication 1966
300 ## - PHYSICAL DESCRIPTION
Number of Pages 381p
942 ## - ADDED ENTRY ELEMENTS (KOHA)
Koha item type Books
Holdings
Accession Number Cost, replacement price Lost status Damaged status Price effective from Koha item type Not for loan Withdrawn status Home library Current library Shelving location Date acquired Source of acquisition Cost, normal purchase price
7819 6.75 Lost and Cost Paid   12/29/2022 Books     RCL RCL General Stacks 12/29/2022 DDC 6.75

Find us on the map

Contact Us

RAMANUJAN COLLEGE UNIVERSITY OF DELHI, KALKAJI, NEW DELHI 110019
library@ramaanujan.du.ac.in
011-35002219
https://library.ramanujancollege.ac.in/
ramanujancollegelibrary
                                 
Customized & Maintained by Department of Library
Visitor Counter